ბათუმის შოთა რუსთაველის სახელმწიფო უნივერსიტეტის ბიბლიოთეკა

ბუნების ძალთა აღორძინების ხალხური დღესასწაული საქართველოში : (ბიბ.ჩანაწერი № 59840)

000 -ლიდერი
ფიქსირებული სიგრძის საკონტროლო ველი 01536nam a22002537a 4500
003 - საკონტროლო ნომრის იდენტიფიკატორი
საკონტროლო ველი Ge_BSU
005 - ბოლო ოპერაციის თარიღი და დრო
საკონტროლო ველი 20230426174140.0
008 - ფიქსირებული სიგრძის მონაცემთა ელემენტები - ზოგადი ინფორმაცია
ფიქსირებული სიგრძის საკონტროლო ველი 230426s1999ge xxu||||| |||| 00| 0 geo d
020 ## - წიგნის საერთაშორისო სტანდარტული ნომერი
International Standard Book Number 9992851171
041 ## - ენის კოდი
Language code of text/sound track or separate title geo
080 ## - უნივერსალური ათობითი კლასიფიკაციის ინდექსი
Universal Decimal Classification number 394.21(479.22)+398.332.1(=353.1) რ-97
100 ## - მთავარი ჩანაწერი - პიროვნების სახელი
Personal name რუხაძე, ჯულიეტა, ავტორი.
9 (RLIN) 17834
245 ## - ცნობა სათაურის შესახებ
Title ბუნების ძალთა აღორძინების ხალხური დღესასწაული საქართველოში :
Remainder of title ბერიკაობა-ყეენობა /
Statement of responsibility, etc ჯულიეტა რუხაძე ; რედაქტორები: თ. ოჩიაური, ნ. ხაზარაძე, ი. სურგულაძე.
264 ## - წარმოების, გამოცემის, დისტრიბუციის და სხვა ცნობები
გამოცემის, წარმოების, დისტრიბუციის... ადგილი თბილისი :
გამოცემის, წარმოების, დისტრიბუციის... სახელწოდება ინტელექტი,
გამოცემის, წარმოების, დისტრიბუციის... თარიღი 1999.
300 ## - ფიზიკური აღწერა
Extent 280 გვ. :
Other physical details ილ. ;
Dimensions 26 სმ.
504 ## - BIBLIOGRAPHY, ETC. NOTE
Bibliography, etc ბიბლიოგრ. ტექსტის შენიშვნ.
546 ## - LANGUAGE NOTE
Language note ტექსტი ქართულ და ინგლისურ ენებზე.
653 ## - INDEX TERM--UNCONTROLLED
Uncontrolled term ხალხური დღესასწაულები საქართველოში.
653 ## - INDEX TERM--UNCONTROLLED
Uncontrolled term ბერიკაობა. ყეენობა.
700 ## - ADDED ENTRY--PERSONAL NAME
Personal name ოჩიაური, თ
Relator term რედაქტორი
9 (RLIN) 17835
700 ## - ADDED ENTRY--PERSONAL NAME
Personal name ხაზარაძე, ნ
Relator term რედაქტორი
9 (RLIN) 13451
700 ## - ADDED ENTRY--PERSONAL NAME
Personal name სურგულაძე, ი
Relator term რედაქტორი
9 (RLIN) 17836
942 ## - ADDED ENTRY ELEMENTS (KOHA)
Source of classification or shelving scheme
Koha item type წიგნი
ეგზემპლარები
ჩამოწერის სტატუსი დაკარგული ეგზემპლარის სტატუსი კლასიფიკაციის წყარო ან თაროზე გაწყობის სქემა დაზიანების სტატუსი არ გაიცემა მუდმივი მდებარეობა (დაცვის ადგილი) ამჟამინდელი ადგილსამყოფელი თაროზე განთავსების ადგილი შეძენის თარიღი ღირებულება, შესყიდვის ნორმალური ფასი სრული შენახვის შიფრი შტრიხკოდი ბოლო ოპერაციის თარიღი ეგზემპლარის მიმდევრობითი ნომერი (კეტერი?) Uniform Resource Identifier ფასის ძალაში შესვლის თარიღი ეგზემპლარის სახეობა საჯარო შენიშვნა
          ბათუმის შოთა რუსთაველის სახელმწიფო უნივერსიტეტის მთავარი ბიბლიოთეკა ბათუმის შოთა რუსთაველის სახელმწიფო უნივერსიტეტის მთავარი ბიბლიოთეკა წიგნსაცავი 2023-04-26 10.00 394.21(479.22)+398.332.1(=353.1) რ-97 64319 2023-04-26 64319 ბსუ-ს საპატიო დოქტორის გურამ ლორთქიფანიძის საჩუქარი 2023-04-26 წიგნი 10.00